| 000 | 01586nam a2200409 c 4500 | ||
|---|---|---|---|
| 003 | BLK | ||
| 005 | 20250423131749.0 | ||
| 008 | 180411b bul|||||r ||||||| ||bul|| | ||
| 010 | _aKNG00198456000 | ||
| 020 |
_a978-954-660-677-8 _bиздат.: ПАН |
||
| 040 | _aBLK | ||
| 041 |
_aBUL _cBUL |
||
| 072 | 7 |
_2bullib _aН86 _xДетска отраслова литература Н |
|
| 080 |
_aГорско стопанство. Лесовъдство _b630 _x(02.053.2) _z630(02.053.2) |
||
| 700 | 1 |
_aВандевил, Анес _eтекст _945360 |
|
| 700 | 1 |
_aЛьомайор, Мари-Кристин _eил. _990120 |
|
| 700 | 1 |
_aАлюни, Бернар _eил. _931023 |
|
| 700 | 1 |
_aХристов, Борис _eпрев. _9368641 |
|
| 139 |
_aВандевил, Анес _bВ 19 |
||
| 245 | 1 | 0 |
_aГората _cтекст Анес Вандевил; ил. Мари-Кристин Льомайор; ил. Бернар Алюни; прев. Борис Христов. |
| 257 | _aFRA | ||
| 260 |
_аСофия _bПАН _c2016 |
||
| 300 |
_a24 с. _bс цв. ил. _c29 см |
||
| 380 | _aDN | ||
| 500 | _aБез сведение за ориг. загл. | ||
| 650 | 4 |
_aГори _9152269 |
|
| 653 | _aгори | ||
| 653 | _aлитература за деца | ||
| 653 | _aдетска литература | ||
| 659 | _aН | ||
| 852 | _aЦб ІІ 21628 | ||
| 856 | 4 |
_qpdf _u |
|
| 856 | 4 |
_qpdf _u |
|
| 942 |
_cKNG _n0 _08 |
||
| 944 |
_aCR _c17.12.2016 _lАнна Гръцманова _k30564 |
||
| 944 |
_aED _c27.12.2016 _lф / _kЛюдмила_Стоянова |
||
| 999 |
_c189413 _d189413 |
||